[Event "Samara Polugaevsky Memorial 4th"]
[Site "Samara"]
[Date "2014.07.07"]
[Round "6"]
[White "Tunik, Gennady"]
[Black "Chernozemov, Andrey"]
[Result "1-0"]
[WhiteElo "2432"]
[BlackElo "2114"]
[PlyCount "107"]
[EventDate "2014.07.02"]
[EventType "swiss"]
[EventRounds "9"]
[EventCountry "RUS"]
[SourceTitle "CBM 161 Extra"]
[Source "ChessBase"]
[SourceDate "2014.08.29"]
[SourceVersion "1"]
[SourceVersionDate "2014.08.29"]
[SourceQuality "1"]

1. d4 d5 2. c4 e6 3. Nf3 Nf6 4. Nc3 c6 5. e3 Nbd7 6. Bd3 dxc4 7. Bxc4 b5 8. Bd3 b4 9. Ne4 Bb7 10. Nxf6+ Nxf6 11. e4 Nd7 12. 0-0 Be7 13. Qe2 0-0 14. Rd1 Qc7 15. Be3 c5 16. Rac1 Qa5 17. Bb1 Rac8 18. d5 exd5 19. exd5 Rfe8 20. Bf5 Rcd8 21. Bxd7 Rxd7 22. Bxc5 Qd8 23. Qb5 Bf6 24. Bd4 Rxd5 25. Qxb7 Bxd4 26. Kf1 Rd6 27. Qxb4 Bc5 28. Rxd6 Bxd6 29. Qb7 Bf4 30. Re1 Rxe1+ 31. Kxe1 Bb8 32. b4 h6 33. a4 Bf4 34. g3 Bd6 35. Kf1 Qf8 36. b5 Bc5 37. a5 Qd6 38. Kg2 g5 39. h3 Kg7 40. Qc6 Kf6 41. Nd4 Ke5 42. Nf3+ Ke6 43. Qe4+ Kd7 44. Ne5+ Kc7 45. Nxf7 Qf6 46. Qe5+ Qxe5 47. Nxe5 Bb4 48. Nc4 Bc5 49. f4 gxf4 50. gxf4 Kd7 51. Kf3 Ke6 52. Ke4 Bf2 53. f5+ Kf6 54. Ne5 1-0

[Event "Samara Polugaevsky Memorial 4th"]
[Site "Samara"]
[Date "2014.07.05"]
[Round "4"]
[White "Chernozemov, Andrey"]
[Black "Dvoirys, Semen I"]
[Result "0-1"]
[WhiteElo "2114"]
[BlackElo "2557"]
[PlyCount "76"]
[EventDate "2014.07.02"]
[EventType "swiss"]
[EventRounds "9"]
[EventCountry "RUS"]
[SourceTitle "CBM 161 Extra"]
[Source "ChessBase"]
[SourceDate "2014.08.29"]
[SourceVersion "1"]
[SourceVersionDate "2014.08.29"]
[SourceQuality "1"]

1. e4 c5 2. Nf3 d6 3. d4 cxd4 4. Nxd4 Nf6 5. Nc3 a6 6. Be3 e5 7. Nb3 Be6 8. f3 Nbd7 9. Qd2 Be7 10. g4 h6 11. 0-0-0 b5 12. h4 Nb6 13. Qf2 Nfd7 14. Kb1 Qc7 15. Nd5 Bxd5 16. exd5 Nc4 17. f4 Nf6 18. Bh3 a5 19. g5 Nh5 20. fxe5 dxe5 21. gxh6 g6 22. Bg5 a4 23. d6 Bxd6 24. Nd2 Nxb2 25. Ne4 Nxd1 26. Rxd1 Ra6 27. Nxd6+ Rxd6 28. Bg4 Rxd1+ 29. Bxd1 Nf4 30. h5 Qd6 31. Qe1 0-0 32. Bf3 Kh7 33. a3 Nxh5 34. Qe4 Nf4 35. Qb7 Qe6 36. Kb2 e4 37. Qxe4 Qxe4 38. Bxe4 Ne6 0-1

[Event "Nezhmetdinov Memorial 36th"]
[Site "Kazan"]
[Date "2014.05.31"]
[Round "1"]
[White "Pogonina, Natalija"]
[Black "Chernozemov, Andrey"]
[Result "1-0"]
[WhiteElo "2501"]
[BlackElo "2114"]
[PlyCount "81"]
[EventDate "2014.05.31"]
[EventType "swiss"]
[EventRounds "9"]
[EventCountry "RUS"]
[SourceTitle "CBM 160 Extra"]
[Source "ChessBase"]
[SourceDate "2014.07.01"]
[SourceVersion "1"]
[SourceVersionDate "2014.07.01"]
[SourceQuality "1"]

1. e4 c5 2. Nf3 Qb6 3. Nc3 Nc6 4. Bc4 e6 5. 0-0 d6 6. a3 Be7 7. d3 a6 8. Ba2 Bf6 9. Ne2 Nge7 10. c3 e5 11. Ng3 g6 12. Ng5 Nd8 13. Qf3 Ng8 14. Qd1 h6 15. Nf3 Be6 16. Nd2 Ne7 17. Nc4 Qc7 18. f4 Bxc4 19. Bxc4 Nec6 20. f5 g5 21. Nh5 Qe7 22. Qg4 Kd7 23. b4 Kc7 24. Rb1 b5 25. Bd5 Rb8 26. Be3 Nb7 27. Qd1 Rhc8 28. Qb3 Ncd8 29. a4 Kd7 30. axb5 axb5 31. Ra1 Ke8 32. Ra7 Bh8 33. bxc5 dxc5 34. Qxb5+ Qd7 35. Qxd7+ Kxd7 36. Rb1 Rc7 37. Rb6 Nd6 38. Rxc7+ Kxc7 39. Rxb8 Kxb8 40. Bxc5 Nb5 41. Bb4 1-0

[Event "Izhevsk Corporation Cup 5th"]
[Site "Izhevsk"]
[Date "2013.07.18"]
[Round "7"]
[White "Gusarov, Aleksey"]
[Black "Chernozemov, Andrey"]
[Result "1-0"]
[WhiteElo "2003"]
[BlackElo "2145"]
[PlyCount "99"]
[EventDate "2013.07.11"]
[EventType "swiss"]
[EventRounds "9"]
[EventCountry "RUS"]
[SourceTitle "EXT 2014"]
[Source "ChessBase"]
[SourceDate "2013.11.20"]
[SourceVersion "1"]
[SourceVersionDate "2013.11.20"]
[SourceQuality "1"]

1. e4 Nc6 2. d4 d5 3. exd5 Qxd5 4. Nf3 e5 5. Nc3 Bb4 6. Bd2 Bxc3 7. Bxc3 e4 8. Ne5 Nxe5 9. dxe5 Ne7 10. Qe2 Bf5 11. Rd1 Qc6 12. Qc4 0-0 13. Qxc6 Nxc6 14. Bb5 Rfd8 15. Bxc6 bxc6 16. Rxd8+ Rxd8 17. Ke2 Kf8 18. Ke3 Ke7 19. Re1 Ke6 20. Re2 Rd1 21. Re1 Rd5 22. Re2 f6 23. exf6 gxf6 24. Rd2 Bg6 25. Rd4 Rh5 26. h3 Rg5 27. g3 Rd5 28. Rc4 c5 29. Ra4 Rh5 30. h4 Kd5 31. Bxf6 Rf5 32. Bg5 Rf3+ 33. Ke2 Bh5 34. Ke1 c4 35. Be3 Rf5 36. Ra5+ Ke6 37. Rxf5 Kxf5 38. Bxa7 Be8 39. Bb8 Ba4 40. b3 cxb3 41. axb3 Bc6 42. Bxc7 h5 43. Kd2 Ke6 44. Ke3 Kd5 45. Bd8 Bd7 46. c4+ Ke5 47. Bc7+ Kf5 48. b4 Be6 49. Kd4 Kg4 50. Bf4 1-0

[Event "Izhevsk Corporation Cup 5th"]
[Site "Izhevsk"]
[Date "2013.07.14"]
[Round "3"]
[White "Arslanov, Shamil"]
[Black "Chernozemov, Andrey"]
[Result "1-0"]
[WhiteElo "2401"]
[BlackElo "2145"]
[PlyCount "101"]
[EventDate "2013.07.11"]
[EventType "swiss"]
[EventRounds "9"]
[EventCountry "RUS"]
[SourceTitle "EXT 2014"]
[Source "ChessBase"]
[SourceDate "2013.11.20"]
[SourceVersion "1"]
[SourceVersionDate "2013.11.20"]
[SourceQuality "1"]

1. e4 Nc6 2. d4 d5 3. exd5 Qxd5 4. Nf3 e5 5. Nc3 Bb4 6. Bd2 Bxc3 7. Bxc3 e4 8. Ne5 Nxe5 9. dxe5 Ne7 10. Qe2 Bf5 11. Rd1 Qc5 12. g4 Bg6 13. Qc4 Qxc4 14. Bxc4 Rd8 15. Ke2 Nc6 16. e6 fxe6 17. Rxd8+ Nxd8 18. Bxg7 Rg8 19. Be5 c6 20. Rd1 Rf8 21. Bc7 Nf7 22. Bxe6 Ke7 23. Bd7 Kf6 24. h4 h6 25. Ba5 Ra8 26. Ke3 Ke7 27. Bb4+ Kf6 28. Bc3+ Ke7 29. Bf5 Bxf5 30. gxf5 Rg8 31. Rd4 Rg4 32. Rxe4+ Rxe4+ 33. Kxe4 h5 34. a4 Kd6 35. a5 Ke7 36. Bd4 a6 37. Bc5+ Kf6 38. Kf4 Kg7 39. Be7 Kh6 40. Ke4 Kg7 41. f3 Kh7 42. Kd4 Kg7 43. c3 Kh7 44. b3 Kg7 45. b4 Kh7 46. Bf6 Kg8 47. Kc5 Nh6 48. Kb6 Nxf5 49. Kxb7 Kf7 50. Bg5 Ke6 51. Kxa6 1-0

[Event "Izhevsk Corporation Cup 5th"]
[Site "Izhevsk"]
[Date "2013.07.12"]
[Round "1"]
[White "Sharafiev, Azat"]
[Black "Chernozemov, Andrey"]
[Result "1/2-1/2"]
[WhiteElo "2437"]
[BlackElo "2145"]
[PlyCount "81"]
[EventDate "2013.07.11"]
[EventType "swiss"]
[EventRounds "9"]
[EventCountry "RUS"]
[SourceTitle "EXT 2014"]
[Source "ChessBase"]
[SourceDate "2013.11.20"]
[SourceVersion "1"]
[SourceVersionDate "2013.11.20"]
[SourceQuality "1"]

1. e4 Nc6 2. Nf3 d6 3. d4 Bg4 4. Bb5 a6 5. Bxc6+ bxc6 6. h3 Bh5 7. Nc3 e6 8. Qe2 Be7 9. g4 Bg6 10. h4 h5 11. g5 Qb8 12. a4 Bd8 13. Ra3 Ne7 14. Rb3 Qc8 15. a5 0-0 16. Rg1 c5 17. dxc5 Nc6 18. Ra3 Rb8 19. Qe3 Be7 20. cxd6 Bxd6 21. Ra4 Bb4 22. Bd2 Nxa5 23. Ne5 c5 24. Ne2 Nc6 25. Nd3 Bxd2+ 26. Kxd2 Nb4 27. Kc1 Qc6 28. Nc3 Rfc8 29. Rd1 Qb6 30. Ne5 Nd5 31. Nc4 Nxe3 32. Nxb6 Nxd1 33. Nxc8 Nxf2 34. Ne7+ Kh7 35. Nxg6 Kxg6 36. Rxa6 Rb4 37. Rc6 Nxe4 38. Nd5 Rd4 39. Nf4+ Kf5 40. Nxh5 g6 41. c3 1/2-1/2

[Event "Samara Elo 03"]
[Site "Samara"]
[Date "2009.03.??"]
[Round "7"]
[White "Chernozemov, Andrey"]
[Black "Belikov, Alexey"]
[Result "0-1"]
[WhiteElo "2164"]
[BlackElo "2202"]
[PlyCount "42"]
[EventDate "2009.03.??"]
[EventType "tourn"]
[EventRounds "11"]
[EventCountry "RUS"]
[SourceTitle "EXT 2012"]
[Source "ChessBase"]
[SourceDate "2011.11.24"]
[SourceVersion "1"]
[SourceVersionDate "2011.11.24"]
[SourceQuality "1"]

1. d4 d5 2. Nf3 Nf6 3. Bg5 e6 4. e3 Be7 5. Bd3 0-0 6. Nbd2 c5 7. c3 b6 8. Ne5 Bb7 9. f4 Nbd7 10. Qf3 Nxe5 11. fxe5 Ne4 12. Bxe7 Qxe7 13. 0-0-0 f5 14. Rdf1 Rac8 15. Rhg1 cxd4 16. exd4 Nxc3 17. bxc3 Rxc3+ 18. Kb1 Qa3 19. Nb3 Ba6 20. Rd1 Bc4 21. Nc1 Rxc1+ 0-1

[Event "Samara Elo 03"]
[Site "Samara"]
[Date "2009.03.??"]
[Round "5"]
[White "Chernozemov, Andrey"]
[Black "Burkov, Viktor"]
[Result "1-0"]
[WhiteElo "2164"]
[BlackElo "2039"]
[PlyCount "93"]
[EventDate "2009.03.??"]
[EventType "tourn"]
[EventRounds "11"]
[EventCountry "RUS"]
[SourceTitle "EXT 2012"]
[Source "ChessBase"]
[SourceDate "2011.11.24"]
[SourceVersion "1"]
[SourceVersionDate "2011.11.24"]
[SourceQuality "1"]

1. d4 c5 2. d5 e5 3. b3 d6 4. Bb2 Nf6 5. g3 g6 6. Bg2 Bg7 7. Nd2 0-0 8. e3 Ne8 9. Ne2 f5 10. 0-0 Nd7 11. a4 b6 12. Re1 Ndf6 13. b4 cxb4 14. a5 b5 15. e4 Nc7 16. f4 Ng4 17. Nf1 Rb8 18. Nc1 Na6 19. Nd3 fxe4 20. Bxe4 Nf6 21. fxe5 Nxe4 22. Rxe4 Bf5 23. Re1 Bxd3 24. Qxd3 Nc5 25. Qe3 Re8 26. Qf4 b3 27. Bd4 bxc2 28. Bxc5 dxc5 29. d6 Qd7 30. Nd2 Qe6 31. Nf3 h6 32. Qe4 Qf5 33. Rac1 Qxe4 34. Rxe4 Bf8 35. d7 Re6 36. Rxc2 Rd8 37. Rd2 c4 38. Rd5 a6 39. Nd4 Kf7 40. Rf4+ Ke7 41. Rxf8 Rxd7 42. Rxd7+ Kxd7 43. Nxe6 Kxe6 44. Kf2 Kxe5 45. Ke3 b4 46. Rb8 b3 47. Kd2 1-0

[Event "Samara Elo 03"]
[Site "Samara"]
[Date "2009.03.??"]
[Round "11"]
[White "Chernozemov, Andrey"]
[Black "Sakletin, Vasily"]
[Result "1/2-1/2"]
[WhiteElo "2164"]
[BlackElo "2086"]
[PlyCount "24"]
[EventDate "2009.03.??"]
[EventType "tourn"]
[EventRounds "11"]
[EventCountry "RUS"]
[SourceTitle "EXT 2012"]
[Source "ChessBase"]
[SourceDate "2011.11.24"]
[SourceVersion "1"]
[SourceVersionDate "2011.11.24"]
[SourceQuality "1"]

1. d4 Nf6 2. Nf3 e6 3. Nc3 d5 4. Bg5 Be7 5. Bxf6 Bxf6 6. e4 dxe4 7. Nxe4 0-0 8. c3 Nd7 9. Nxf6+ Nxf6 10. Bd3 b6 11. 0-0 Bb7 12. Re1 Qd6 1/2-1/2

[Event "Samara Elo 03"]
[Site "Samara"]
[Date "2009.03.??"]
[Round "10"]
[White "Palachev, Petr"]
[Black "Chernozemov, Andrey"]
[Result "1-0"]
[WhiteElo "2167"]
[BlackElo "2164"]
[PlyCount "47"]
[EventDate "2009.03.??"]
[EventType "tourn"]
[EventRounds "11"]
[EventCountry "RUS"]
[SourceTitle "EXT 2012"]
[Source "ChessBase"]
[SourceDate "2011.11.24"]
[SourceVersion "1"]
[SourceVersionDate "2011.11.24"]
[SourceQuality "1"]

1. d4 d5 2. Nf3 Nf6 3. Nbd2 c5 4. e3 Nc6 5. c3 cxd4 6. exd4 Qc7 7. Bd3 Bg4 8. 0-0 e6 9. Qa4 Bd6 10. b4 0-0 11. b5 Ne7 12. Ba3 Ng6 13. Bxd6 Qxd6 14. Bxg6 hxg6 15. Ne5 g5 16. f4 gxf4 17. Rxf4 Bf5 18. Raf1 Nd7 19. g4 Nxe5 20. dxe5 Qb6+ 21. R1f2 Bd3 22. Qd1 f6 23. Qf3 Bg6 24. exf6 1-0

[Event "Zhigulevskie prostory op"]
[Site "Samara"]
[Date "2008.08.01"]
[Round "8"]
[White "Chernozemov, Andrey"]
[Black "Kalugin, Yury"]
[Result "0-1"]
[WhiteElo "2204"]
[BlackElo "1960"]
[PlyCount "47"]
[EventDate "2008.07.25"]
[EventType "swiss"]
[EventRounds "9"]
[EventCountry "RUS"]
[SourceTitle "EXT 2022"]
[Source "ChessBase"]
[SourceDate "2021.10.06"]
[SourceVersion "1"]
[SourceVersionDate "2021.10.06"]
[SourceQuality "1"]

1. d4 d5 2. c4 c6 3. Nc3 Nf6 4. Nf3 e6 5. e3 Nbd7 6. Qc2 Qc7 7. Bd3 dxc4 8. Bxc4 b5 9. Bd3 h6 10. 0-0 c5 11. e4 c4 12. Be2 e5 13. dxe5 Nxe5 14. Nxe5 Qxe5 15. f4 Qc5+ 16. Kh1 Ng4 17. Bf3 Be7 18. e5 Rb8 19. Ne4 Qb6 20. Nc3 Bc5 21. Nd5 Qd8 22. g3 Bb7 23. Bxg4 Qxd5+ 24. Bf3 0-1

[Event "Zhigulevskie prostory op"]
[Site "Samara"]
[Date "2008.07.28"]
[Round "4"]
[White "Chernozemov, Andrey"]
[Black "Rumyantsev, Nikolay"]
[Result "1-0"]
[WhiteElo "2204"]
[BlackElo "1933"]
[PlyCount "75"]
[EventDate "2008.07.25"]
[EventType "swiss"]
[EventRounds "9"]
[EventCountry "RUS"]
[SourceTitle "EXT 2022"]
[Source "ChessBase"]
[SourceDate "2021.10.06"]
[SourceVersion "1"]
[SourceVersionDate "2021.10.06"]
[SourceQuality "1"]

1. d4 Nf6 2. c4 e5 3. dxe5 Ng4 4. Bf4 Nc6 5. Nf3 Bc5 6. e3 d6 7. exd6 Qf6 8. Nc3 Nxf2 9. Bg5 Qxg5 10. Nxg5 Nxd1 11. Rxd1 Bxd6 12. Bd3 f6 13. Nge4 Be5 14. 0-0 b6 15. c5 0-0 16. Bc4+ Kh8 17. Ng5 Bg4 18. Nf3 Na5 19. Bd5 c6 20. Be4 b5 21. h3 Bh5 22. g4 Bxc3 23. bxc3 Bf7 24. Rd7 Be6 25. Rd6 Bc4 26. Rfd1 Rfe8 27. Nd2 Bd5 28. Bxd5 cxd5 29. Kf2 Re5 30. Nf3 Nc4 31. Nxe5 fxe5 32. Ke2 Nxd6 33. cxd6 d4 34. exd4 e4 35. Rf1 Rd8 36. Rf5 a6 37. Ke3 g6 38. Rd5 1-0

[Event "RUS-Cup04"]
[Site "Samara"]
[Date "2002.07.29"]
[Round "4"]
[White "Doluhanova, Evgeniya"]
[Black "Chernozemov, Andrey"]
[Result "1-0"]
[WhiteElo "2097"]
[BlackElo "2186"]
[PlyCount "57"]
[EventDate "2002.07.26"]
[EventType "swiss"]
[EventRounds "9"]
[EventCountry "RUS"]
[SourceTitle "CBM 089 Extra"]
[Source "ChessBase"]
[SourceDate "2002.09.10"]
[SourceVersion "2"]
[SourceVersionDate "2002.09.10"]
[SourceQuality "1"]

1. e4 c5 2. Nf3 Nc6 3. Bb5 g6 4. Bxc6 bxc6 5. d3 Bg7 6. 0-0 d6 7. Re1 e5 8. c3 f6 9. d4 cxd4 10. cxd4 Nh6 11. Qc2 Bd7 12. dxe5 fxe5 13. Bg5 Qc7 14. Nc3 Nf7 15. Nd5 Qb7 16. Nf6+ Kf8 17. Rad1 Be6 18. Rxd6 Nxd6 19. Qc5 Qc7 20. Rd1 Rd8 21. Nxe5 h6 22. Nxg6+ Kf7 23. Ne5+ Kf8 24. Bh4 h5 25. Nxc6 Bxa2 26. Nxd8 Qxc5 27. Nd7+ Kg8 28. Nxc5 Nb5 29. Nde6 1-0